Primenenije aľuminijevych splavov
Salvato in:
| Natura: | Libro |
|---|---|
| Pubblicazione: |
Moskva :
Metallurgija,
1985
|
| Edizione: | 2.izd. |
| Tags: |
Nessun Tag, puoi essere il primo ad aggiungerne!!
|
MARC
| LEADER | 00000nam a22000003a 4500 | ||
|---|---|---|---|
| 001 | stu48085 | ||
| 005 | 20141122031701.0 | ||
| 008 | ------s1985----xxr---------------------d | ||
| 040 | |a STU |b slo | ||
| 041 | 0 | ||
| 044 | |a xxr | ||
| 080 | |a 669.717 | ||
| 245 | |a Primenenije aľuminijevych splavov | ||
| 250 | |a 2.izd. | ||
| 260 | |a Moskva : |b Metallurgija, |c 1985 | ||
| 300 | |a 343 s | ||
| 996 | |b J82117 |c J*82117/K 13 |l JJK13 |s P |a 0 |w stu48085_0001 | ||